000 01205nam a22002537a 4500
003 OSt
005 20210414171356.0
008 210414s2010 ck aod|gr|||| 00| 0 spa d
020 _a9789589954607
040 _aCO-JMCR
_cCO-JMCR
041 0 _aspa
082 0 4 _a363.73874 /
_bU588c
_223
110 2 _aUniversidad de los Andes
_910674
245 1 0 _aCambio climático :
_bdiagnóstico, perspectivas y lineamientos para definir estrategias posibles ante el cambio climático /
_cUniversidad de los Andes, Codensa, Emgesa
260 _aBogotá :
_bUniversidad de los Andes ; Codensa ; Emgesa,
_c2010
300 _a115 páginas :
_bilustraciones, gráficas y fotografías a color ;
_c24 cm.
505 0 _aInventario emisiones de Gei -- Proyección de emisiones y evaluación de medidas de mitigación -- Medidas y potencial de mitigación -- Lineamientos para la mitigación de emisiones de Gei en el sector energético -- Posibles acciones y medidas de adaptación
650 1 4 _aCambios climáticos
_zColombia
_936404
650 2 4 _aImpacto ambiental
_zColombia
_936855
651 4 _aColombia
_xCondiciones ambientales
_936856
710 1 _aEmgesa
_936857
710 1 _aCodensa
_936858
942 _2ddc
_cBK
999 _c15543
_d15543